| 000 | 00641cam a2200229 i 4500 | ||
|---|---|---|---|
| 008 | |||
| 020 | _a0442244428 (hbk.) | ||
| 049 | _aMAIN | ||
| 090 | _aT212 | ||
| 100 | 1 | _aKivenson, Gilbert. | |
| 245 | 1 | 4 |
_aThe art and science of inventing / _cGilbert Kivenson. |
| 260 |
_aNew York : _bVan Nostrand Reinhold, _cc1977. |
||
| 300 |
_aix, 195 p. : _bill. ; _c24 cm. |
||
| 500 | _aIncludes index. | ||
| 650 | 0 | _aInventions. | |
| 650 | 0 | _aDiscoveries in science. | |
| 907 |
_a.b10069173 _b12-10-05 _c17-04-03 |
||
| 003 | |||
| 005 | 20230123134116.0 | ||
| 040 | _cNUST | ||
| 942 |
_cBOOKS _kT212 |
||
| 999 |
_c160184 _d160184 |
||